header

Among the enemy (Record no. 264086)

MARC details
000 -LEADER
fixed length control field 00458nam a22001817a 4500
003 - CONTROL NUMBER IDENTIFIER
control field OSt
005 - DATE AND TIME OF LATEST TRANSACTION
control field 20240722121203.0
008 - FIXED-LENGTH DATA ELEMENTS--GENERAL INFORMATION
fixed length control field 240722b xxu||||| |||| 00| 0 eng d
020 ## - INTERNATIONAL STANDARD BOOK NUMBER
International Standard Book Number 9780689857973
040 ## - CATALOGING SOURCE
Transcribing agency N/A
050 ## - LIBRARY OF CONGRESS CALL NUMBER
Classification number PZ7
Item number H1164
100 ## - MAIN ENTRY--PERSONAL NAME
Personal name Margaret Peterson Haddix
245 ## - TITLE STATEMENT
Title Among the enemy
250 ## - EDITION STATEMENT
Edition statement 1st
260 ## - PUBLICATION, DISTRIBUTION, ETC. (IMPRINT)
Place of publication, distribution, etc New York
Name of publisher, distributor, etc Simon & Schuster Books for Young Readers
Date of publication, distribution, etc 2005
300 ## - PHYSICAL DESCRIPTION
Dimensions 214 p. ; 22 cm
942 ## - ADDED ENTRY ELEMENTS (KOHA)
Source of classification or shelving scheme Library of Congress Classification
Koha item type Long Loan Books
Holdings
Withdrawn status Lost status Source of classification or shelving scheme Damaged status Not for loan Collection code Home library Current library Shelving location Date acquired Total Checkouts Full call number Barcode Date last seen Price effective from Koha item type
    Library of Congress Classification     Fiction Rongo University Library Rongo University Library Children's Area 22/07/2024   PZ7 H1164 2005 CL20243545 22/07/2024 22/07/2024 Long Loan Books

© 2026 Rongo University
Contact us: librarian | system librarian | Rongo university